000 00782nam a22002417a 4500
999 _c14784
_d14784
003 MIRAKIL
005 20220131142947.0
008 220131b tu ||||| |||| 00| 0 tur d
020 _a9786257288774
040 _aTR-AnCHP
_cTR-AnCHP
041 _atur
082 _a927.796334
_bÇ24u 2021
100 _aÇakır, Ahmet
245 1 0 _aUfuk çizgisindeki adam Özkan Sümer/
_cAhmet Çakır, Cengiz Özkarabekir, Erdal Hoş, ... ve öte.
260 _aİstanbul:
_bİstanbul Büyükşehir Belediyesi,
_c2021.
300 _a208 s.:
504 _aDizin vardır.
600 0 _96963
_aSümer, Özkan
_cFutbolcu
_d1940-2020
_xYaşamöyküsü
650 0 _96932
_aSporcular
_xFutbol
_zTürkiye
700 1 _94916
_aÖzkarabekir, Cengiz
700 _96962
_aHoş, Erdal
942 _2ddc
_cBKS